| 000 | 00858nam a2200265 a 4500 | ||
|---|---|---|---|
| 008 | |||
| 020 | _a0471354058 (hbk.) | ||
| 049 | _aMAIN | ||
| 090 | 0 | 0 | _aQD473 |
| 100 | 1 | _aLightner, David A. | |
| 245 | 1 | 0 |
_aOrganic conformational analysis and stereochemistry from circular dichroism spectroscopy / _cDavid A. Lightner, Jerome E. Gurst. |
| 260 |
_aNew York : _bWiley-VCH, _cc2000. |
||
| 300 |
_axiii, 487 p. : _bill. ; _c25 cm. |
||
| 440 | 0 | _aMethods in stereochemical analysis. | |
| 504 | _aIncludes bibliographical references. | ||
| 500 | _aIncludes index. | ||
| 650 | 0 | _aCircular dichroism. | |
| 650 | 0 |
_aOrganic compounds _xAnalysis. |
|
| 700 | 1 | _aGurst, Jerome E. | |
| 907 |
_a.b10140074 _b19-11-04 _c18-11-04 |
||
| 003 | |||
| 005 | 20230123133848.0 | ||
| 040 | _cNUST | ||
| 942 |
_cBOOKS _kQD473 |
||
| 999 |
_c155908 _d155908 |
||